KOHA-Header-6

A Course in Power Systems (Record no. 1463)

000 -LEADER
fixed length control field 00303nam a2200121Ia 4500
008 - FIXED-LENGTH DATA ELEMENTS--GENERAL INFORMATION
fixed length control field 190723s9999 xx 000 0 und d
020 ## - INTERNATIONAL STANDARD BOOK NUMBER
International Standard Book Number 13:978-93-5014-373-5
100 ## - MAIN ENTRY--PERSONAL NAME
Personal name J.B.Gupta
245 #2 - TITLE STATEMENT
Title A Course in Power Systems
260 ## - PUBLICATION, DISTRIBUTION, ETC. (IMPRINT)
Place of publication, distribution, etc New Delhi
Name of publisher, distributor, etc Katson Books
Date of publication, distribution, etc 2014
300 ## - PHYSICAL DESCRIPTION
Extent 534.:P
942 ## - ADDED ENTRY ELEMENTS (KOHA)
Koha item type Books
Holdings
Withdrawn status Lost status Damaged status Not for loan Collection code Permanent Location Current Location Shelving location Date acquired Full call number Barcode Date last seen Price effective from Koha item type
        Electrical Engineering Computing and Engineering Library Block-D Computing and Engineering Library Block-D Shelf No.B25 2019-07-23 621.31 8087 2019-07-23 2019-07-23 Electrical Engineering

Powered by Koha